[Event "18 Torneo San Viator"]
[Site "Madrid ESP"]
[Date "2012.05.13"]
[Round "6.25"]
[White "Jimenez Perez, Federico"]
[Black "Gil Calvente, Jose Antonio"]
[Result "0-1"]
[WhiteElo "1282"]
[BlackElo "1677"]
[PlyCount "128"]
[EventDate "2012.03.25"]
[EventType "swiss"]
[EventRounds "9"]
[EventCountry "ESP"]
[Source "lmi"]
[SourceDate "2012.03.25"]

1. e4 c5 2. Nf3 d6 3. d4 cxd4 4. Nxd4 Nf6 5. Nc3 a6 6. Be3 e5 7. Nf5 Bxf5 8.
exf5 Nc6 9. Bc4 Rc8 10. Nd5 Nxd5 11. Qxd5 Qf6 12. O-O Be7 13. Rfe1 O-O 14. c3
Qxf5 15. Bd3 Qe6 16. Qe4 g6 17. Bh6 Rfd8 18. Rad1 Qxa2 19. Bc4 Qxb2 20. Qd5 Rf8
21. Bxf8 Rxf8 22. Rb1 Qxc3 23. Re3 Qd4 24. Rxb7 Bg5 25. Rf3 Qa1+ 26. Bf1 Nd4
27. Qe4 Nxf3+ 28. Qxf3 a5 29. Qd5 Qd4 30. Qxa5 Rc8 31. Qa2 d5 32. Rd7 Rd8 33.
Rxd8+ Bxd8 34. Qa8 Qb6 35. Qxd5 Qd4 36. Qxd4 exd4 37. Bd3 f5 38. f4 Kg7 39. Kf2
Kf6 40. h3 h6 41. Kf3 g5 42. g3 Bc7 43. fxg5+ hxg5 44. g4 f4 45. Ke4 Bb6 46.
Be2 Ke6 47. Bd3 Kd6 48. Kf5 Bd8 49. Ke4 Kc5 50. Kf3 Kb4 51. h4 Kc3 52. Ke4 gxh4
53. Be2 Bg5 54. Kf3 d3 55. Bd1 Kd2 56. Ba4 Ke1 57. Kg2 d2 58. Kf3 d1=Q+ 59.
Bxd1 Kxd1 60. Kf2 h3 61. Kf1 h2 62. Kg2 Ke2 63. Kxh2 f3 64. Kh3 f2 0-1

[Event "18 Torneo San Viator"]
[Site "Madrid ESP"]
[Date "2012.05.13"]
[Round "6.26"]
[White "Escanciano Reyero, Daniel"]
[Black "Algaba Traspuesto, Jose Antonio"]
[Result "1-0"]
[WhiteElo "1756"]
[BlackElo "1674"]
[PlyCount "110"]
[EventDate "2012.03.25"]
[EventType "swiss"]
[EventRounds "9"]
[EventCountry "ESP"]
[Source "lmi"]
[SourceDate "2012.03.25"]

1. e4 d5 2. exd5 Nf6 3. Nc3 Nxd5 4. Bc4 Nb6 5. Bb3 Nc6 6. Nf3 e6 7. d3 Na5 8.
Bd2 Nxb3 9. axb3 Be7 10. O-O O-O 11. Ne4 Nd5 12. Qe1 b6 13. c4 Nf6 14. Nxf6+
Bxf6 15. Qe4 Bd7 16. Bc3 a5 17. d4 Rc8 18. Rfd1 Qe7 19. Ne5 Rfd8 20. Rd3 c5 21.
Rad1 Be8 22. Ng4 Bxd4 23. Bxd4 cxd4 24. Rg3 Bc6 25. Qe5 f6 26. Nxf6+ Kh8 27.
Nh5 Rg8 28. Rxd4 Be8 29. Nxg7 Rxg7 30. Rdg4 Bg6 31. h4 Qc5 32. Qxe6 Re8 33. Qf6
Qe5 34. Qxb6 Reg8 35. Re3 Qxb2 36. Qxa5 Rf8 37. Rf3 Rxf3 38. gxf3 Qf6 39. Qa8+
Rg8 40. Qd5 Bf7 41. Rxg8+ Kxg8 42. Qg5+ Qg7 43. Qxg7+ Kxg7 44. Kg2 Kf6 45. f4
Kf5 46. Kg3 Bh5 47. c5 Ke6 48. b4 Be8 49. Kg4 Kd5 50. Kg5 Kc4 51. Kh6 Bg6 52.
h5 Bf5 53. Kg5 Be4 54. f5 Kxb4 55. f6 Bd5 1-0

[Event "18 Torneo San Viator"]
[Site "Madrid ESP"]
[Date "2012.05.13"]
[Round "6.27"]
[White "Moreno Sanchez, Guillermo"]
[Black "Bermejo Jimenez, Adolfo"]
[Result "1-0"]
[WhiteElo "1649"]
[BlackElo "1812"]
[PlyCount "35"]
[EventDate "2012.03.25"]
[EventType "swiss"]
[EventRounds "9"]
[EventCountry "ESP"]
[Source "lmi"]
[SourceDate "2012.03.25"]

1. d4 c6 2. c4 d5 3. Nc3 Nf6 4. Nf3 e6 5. Bg5 Be7 6. e3 O-O 7. Bd3 Nbd7 8. O-O
Qc7 9. Rc1 e5 10. Nxe5 Nxe5 11. dxe5 Qxe5 12. Bf4 Qe6 13. cxd5 Nxd5 14. Nxd5
Qxd5 15. Qc2 g6 16. Bh6 Rd8 17. Qc3 f6 18. Bc4 1-0

[Event "18 Torneo San Viator"]
[Site "Madrid ESP"]
[Date "2012.05.13"]
[Round "6.28"]
[White "Ore Leon, Gustavo"]
[Black "Ruiz Bazaga, Miriam"]
[Result "1-0"]
[WhiteElo "1708"]
[BlackElo "1632"]
[PlyCount "105"]
[EventDate "2012.03.25"]
[EventType "swiss"]
[EventRounds "9"]
[EventCountry "ESP"]
[Source "lmi"]
[SourceDate "2012.03.25"]

1. e4 e6 2. Qe2 d5 3. d3 dxe4 4. dxe4 Nc6 5. Nf3 Bc5 6. g3 Nge7 7. c3 a5 8. Bg2
b6 9. Nbd2 O-O 10. Nb3 Bd6 11. e5 Bc5 12. Nxc5 bxc5 13. O-O Ba6 14. c4 Rb8 15.
Bg5 Rb4 16. Rac1 Qb8 17. Rc2 Nf5 18. Be3 Nxe3 19. fxe3 a4 20. a3 Rb6 21. Rf2
Na5 22. Ng5 h6 23. Ne4 Nb3 24. Qg4 Kh8 25. Qh5 Qd8 26. Bf1 Bb7 27. Nc3 Ra6 28.
Rxf7 Rxf7 29. Qxf7 Nd2 30. Be2 Ne4 31. Qg6 Qg5 32. Qxg5 Nxg5 33. Nb5 Be4 34.
Rd2 c6 35. Rd8+ Kh7 36. Nd6 Bc2 37. Rd7 Ra8 38. h4 Ne4 39. Bf3 Nxg3 40. Bxc6
Rf8 41. Kg2 Nf5 42. Nxf5 Rxf5 43. Rd2 Bb1 44. Rd1 Bc2 45. Rc1 Bd3 46. Rc3 Bb1
47. Bxa4 Rxe5 48. Bc6 Bf5 49. a4 Bg4 50. a5 Kh8 51. a6 Rf5 52. a7 Rf8 53. Rb3
1-0

[Event "18 Torneo San Viator"]
[Site "Madrid ESP"]
[Date "2012.05.13"]
[Round "6.29"]
[White "Rasillo Fuentes, Raul"]
[Black "Perez Carballeira, Francisco"]
[Result "1-0"]
[WhiteElo "1653"]
[BlackElo "1593"]
[PlyCount "135"]
[EventDate "2012.03.25"]
[EventType "swiss"]
[EventRounds "9"]
[EventCountry "ESP"]
[Source "lmi"]
[SourceDate "2012.03.25"]

1. d4 d5 2. c4 c6 3. Nc3 dxc4 4. e4 Nf6 5. Bxc4 e6 6. Bg5 Be7 7. Nf3 O-O 8. O-O
Nbd7 9. Re1 Re8 10. Qb3 Nb6 11. Bd3 Nfd7 12. Bf4 Nf6 13. Qc2 h6 14. Rad1 Nbd7
15. Bc4 Kh8 16. d5 exd5 17. exd5 b5 18. dxc6 bxc4 19. cxd7 Bxd7 20. Ne5 Kg8 21.
Nxd7 Nxd7 22. Nd5 Rc8 23. Re4 Bc5 24. Rde1 Rxe4 25. Rxe4 Nf6 26. Nxf6+ Qxf6 27.
Rxc4 Re8 28. h3 Bd6 29. Rc8 Rf8 30. Be3 a5 31. Bd2 a4 32. Rxf8+ Bxf8 33. Qc3
Qf5 34. Qa5 Qb1+ 35. Kh2 Qxb2 36. Qd5 Qb6 37. Be3 Qe6 38. Qa8 Qd6+ 39. g3 a3
40. h4 h5 41. Qa5 g6 42. Qd2 Qxd2 43. Bxd2 f5 44. Kg2 Kf7 45. Kf3 Bd6 46. Ke2
Ke6 47. Kd3 Kd5 48. Be3 Be5 49. Bf4 Bxf4 50. gxf4 Kc5 51. Kc3 Kd5 52. f3 Kc5
53. Kb3 Kd4 54. Kxa3 Ke3 55. Kb4 Kxf4 56. a4 Kxf3 57. a5 Kg3 58. a6 f4 59. a7
Kxh4 60. a8=Q g5 61. Qh1+ Kg4 62. Qg2+ Kh4 63. Kc3 g4 64. Kd3 f3 65. Qh2+ Kg5
66. Ke3 Kg6 67. Qf4 Kh7 68. Qg5 1-0

[Event "18 Torneo San Viator"]
[Site "Madrid ESP"]
[Date "2012.05.13"]
[Round "6.30"]
[White "Zhynguel Ramirez De Verger, Ale"]
[Black "San Felipe Gonzalez, Tomas"]
[Result "1-0"]
[WhiteElo "1586"]
[BlackElo "1801"]
[PlyCount "129"]
[EventDate "2012.03.25"]
[EventType "swiss"]
[EventRounds "9"]
[EventCountry "ESP"]
[Source "lmi"]
[SourceDate "2012.03.25"]

1. d4 Nf6 2. Bf4 c5 3. e3 Qb6 4. b3 e6 5. c3 Nc6 6. Bd3 cxd4 7. exd4 d5 8. Nd2
Ba3 9. Qc2 a5 10. h3 Nxd4 11. Qb1 Nc6 12. Ngf3 Bd7 13. O-O Rc8 14. Re1 Be7 15.
Qb2 Qc5 16. Ne5 Qa3 17. Qxa3 Bxa3 18. Nxd7 Nxd7 19. Rab1 Be7 20. Nf3 Bf6 21.
Rbc1 O-O 22. Bb5 Ncb8 23. c4 dxc4 24. Rxc4 Rxc4 25. Bxc4 Rc8 26. Rc1 Bb2 27.
Rc2 Ba3 28. Bd3 Rxc2 29. Bxc2 Na6 30. Kf1 Nb4 31. Bb1 Kf8 32. Ke2 Ke7 33. Ne5
Nb6 34. Bd2 N6d5 35. Nc4 Nxa2 36. Nxa3 Nab4 37. Nc4 b6 38. Be4 f5 39. Bxd5 Nxd5
40. Be3 a4 41. bxa4 Nc3+ 42. Kd3 Nxa4 43. Nxb6 Nxb6 44. Bxb6 Kd6 45. g4 fxg4
46. hxg4 Kd5 47. Ke3 e5 48. f3 g6 49. g5 Kc6 50. Ba5 Kd5 51. Bc3 Ke6 52. Ke4
Kd6 53. Bxe5+ Ke6 54. Bf4 Kf7 55. Ke5 Ke7 56. Bd2 Kf7 57. Kd6 Ke8 58. Ke6 Kf8
59. Kf6 Kg8 60. f4 Kf8 61. f5 gxf5 62. Kxf5 Kf7 63. Bc3 Ke7 64. Kg4 Kf7 65. Kh5
1-0

[Event "18 Torneo San Viator"]
[Site "Madrid ESP"]
[Date "2012.05.13"]
[Round "6.36"]
[White "Perez Mondejar, Adler"]
[Black "Cujba, Anca-Claudia"]
[Result "1-0"]
[WhiteElo "1423"]
[BlackElo "1859"]
[PlyCount "105"]
[EventDate "2012.03.25"]
[EventType "swiss"]
[EventRounds "9"]
[EventCountry "ESP"]
[Source "lmi"]
[SourceDate "2012.03.25"]

1. e4 c5 2. c3 d5 3. exd5 Qxd5 4. d4 cxd4 5. cxd4 Nc6 6. Nf3 Bg4 7. Be2 Rd8 8.
Nc3 Qa5 9. O-O Bxf3 10. Bxf3 Nxd4 11. Bxb7 Qc7 12. Qa4+ Rd7 13. Ba6 e5 14. Nb5
Ne2+ 15. Kh1 Qb6 16. Be3 Bc5 17. Bxc5 Qxc5 18. Nc3 Nxc3 19. bxc3 Ke7 20. Qb4
Qxb4 21. cxb4 Nf6 22. Rfe1 e4 23. f3 Rhd8 24. fxe4 Kf8 25. e5 Ng4 26. h3 Nf2+
27. Kg1 Nd3 28. Bxd3 Rxd3 29. e6 fxe6 30. Rxe6 Rd2 31. Ra6 Rb2 32. Rxa7 Rdd2
33. Rf1+ Ke8 34. Rxg7 Rxa2 35. Rb1 Kf8 36. Rg5 Kf7 37. h4 Rd4 38. Rh5 Rg4 39.
Rg5 Rxh4 40. b5 Ra5 41. Rg3 Rh5 42. b6 Rhb5 43. Rgb3 Rxb3 44. Rxb3 Ra8 45. b7
Rb8 46. Kf2 Kf6 47. Kf3 Kf5 48. Rb5+ Kg6 49. Kg4 Kf6 50. Kf4 Kg6 51. Ke5 Kf7
52. Kd6 Ke8 53. Kc7 1-0

[Event "18 Torneo San Viator"]
[Site "Madrid ESP"]
[Date "2012.05.13"]
[Round "6.38"]
[White "Garcia Rojas, Juan Carlos"]
[Black "Garcia Laborda, Pedro"]
[Result "1-0"]
[WhiteElo "1555"]
[BlackElo "1400"]
[PlyCount "71"]
[EventDate "2012.03.25"]
[EventType "swiss"]
[EventRounds "9"]
[EventCountry "ESP"]
[Source "lmi"]
[SourceDate "2012.03.25"]

1. e4 d5 2. exd5 Qxd5 3. Nc3 Qe5+ 4. Be2 Nf6 5. Nf3 Qa5 6. d3 c6 7. Bd2 e6 8.
Ne4 Qc7 9. Nxf6+ gxf6 10. Bc3 e5 11. Nd2 Rg8 12. Bf3 Bc5 13. Ne4 Bb6 14. Nxf6+
Kf8 15. Nxg8 Kxg8 16. Qe2 Nd7 17. Be4 Nf6 18. Bxe5 Qe7 19. Bxf6 Qxf6 20. c3 Bf5
21. Qf3 Re8 22. O-O Re5 23. Rae1 Bc7 24. d4 Ra5 25. Ra1 Qe6 26. g3 Bh3 27. Rfe1
Qh6 28. b4 Ra3 29. Bf5 Qf6 30. Bxh7+ Kg7 31. Qxf6+ Kxf6 32. Re3 Bg4 33. Kg2 a5
34. h3 Bd7 35. Bc2 Bf5 36. Rf3 1-0

[Event "18 Torneo San Viator"]
[Site "Madrid ESP"]
[Date "2012.05.13"]
[Round "6.39"]
[White "Villarroya Samaniego, Javier"]
[Black "Herreros Lucas, Jose L"]
[Result "1/2-1/2"]
[WhiteElo "1505"]
[BlackElo "1545"]
[PlyCount "120"]
[EventDate "2012.03.25"]
[EventType "swiss"]
[EventRounds "9"]
[EventCountry "ESP"]
[Source "lmi"]
[SourceDate "2012.03.25"]

1. c4 e5 2. Nc3 Nf6 3. g3 Nc6 4. Bg2 Bc5 5. e3 O-O 6. a3 a5 7. Nge2 Re8 8. b3
Ne7 9. Bb2 Ng6 10. Qc2 c6 11. h4 d5 12. cxd5 Nxd5 13. O-O-O Be6 14. Nxd5 Bxd5
15. Bxd5 cxd5 16. Kb1 Qd6 17. Ka2 Rec8 18. Qb1 b5 19. d4 exd4 20. Nxd4 Bxd4 21.
Rxd4 Rc5 22. Rhd1 Rac8 23. Rc1 Qc6 24. Rxc5 Qxc5 25. Rd1 Qd6 26. e4 Ne7 27.
exd5 b4 28. a4 Rc5 29. Qe4 h6 30. Rc1 Rxd5 31. Qe3 Rd2 32. Rf1 Kf8 33. Kb1 Rd3
34. Qc1 Rxb3 35. Rd1 Rd3 36. Rxd3 Qxd3+ 37. Qc2 Qxc2+ 38. Kxc2 g6 39. Be5 Ke8
40. Bc7 Kd7 41. Bxa5 Nd5 42. Kb3 f5 43. Bxb4 f4 44. Bd2 fxg3 45. fxg3 h5 46.
Kc4 Kc6 47. a5 Nc7 48. Kd4 Kd6 49. Ke4 Ke6 50. Bf4 Na6 51. Be3 Nc7 52. Kf4 Kf6
53. Bd4+ Kf7 54. Kg5 Ne6+ 55. Kh6 Nxd4 56. Kg5 Nc6 57. a6 Na7 58. g4 hxg4 59.
Kxg4 Kg7 60. Kg5 Nb5 1/2-1/2

[Event "18 Torneo San Viator"]
[Site "Madrid ESP"]
[Date "2012.05.20"]
[Round "7.1"]
[White "De La Horra Del Barco, Ricardo"]
[Black "Rodriguez Diaz, Alberto Jose"]
[Result "1-0"]
[WhiteElo "2055"]
[BlackElo "1979"]
[PlyCount "89"]
[EventDate "2012.03.25"]
[EventType "swiss"]
[EventRounds "9"]
[EventCountry "ESP"]
[Source "lmi"]
[SourceDate "2012.03.25"]

1. d4 g6 2. e4 Bg7 3. Nf3 d6 4. Be2 Nf6 5. Nc3 O-O 6. O-O Nc6 7. d5 Ne5 8. Nd4
c5 9. dxc6 Nxc6 10. Be3 Nd7 11. h3 Nxd4 12. Bxd4 Bxd4 13. Qxd4 Qb6 14. Qd2 Nf6
15. a4 Qc5 16. Rab1 Qb4 17. Qe3 Bd7 18. Rfd1 Rac8 19. Rd4 Qc5 20. Qd2 Be6 21.
Kh1 Rfd8 22. f4 Re8 23. Re1 Rf8 24. Bf3 Ne8 25. f5 Bc4 26. Re3 e5 27. fxe6 Bxe6
28. Re2 b6 29. Nd1 f5 30. exf5 Qxf5 31. Rxe6 Rxc2 32. Qd3 Qxd3 33. Rxd3 Kf7 34.
Re1 Kf6 35. Bd5 Kg5 36. Rg3+ Kh4 37. Rg4+ Kh5 38. Bf3 Kh6 39. Rh4+ Kg5 40. Rxh7
Nf6 41. Rxa7 Kf4 42. a5 g5 43. axb6 g4 44. Bxg4 Nxg4 45. Ra4+ 1-0

[Event "18 Torneo San Viator"]
[Site "Madrid ESP"]
[Date "2012.05.20"]
[Round "7.2"]
[White "Vallejo Nuno, Jorge"]
[Black "Cuadrado Lopez, Francisco Javie"]
[Result "1-0"]
[WhiteElo "2068"]
[BlackElo "1970"]
[PlyCount "51"]
[EventDate "2012.03.25"]
[EventType "swiss"]
[EventRounds "9"]
[EventCountry "ESP"]
[Source "lmi"]
[SourceDate "2012.03.25"]

1. e4 e5 2. f4 exf4 3. Bc4 Nf6 4. Nc3 d6 5. d4 Be7 6. Bxf4 O-O 7. Nf3 c6 8. O-O
Bg4 9. Qd2 Nbd7 10. Rae1 b5 11. Bd3 Qb6 12. Qf2 b4 13. Nd1 Rae8 14. Ne3 Bxf3
15. Nc4 Qc7 16. Qxf3 c5 17. e5 dxe5 18. dxe5 Nxe5 19. Bxe5 Qd7 20. h3 Rd8 21.
Rd1 Qe6 22. Rfe1 Qa6 23. Nd6 Qb6 24. Nc4 Qa6 25. Kh1 Rfe8 26. Nd6 1-0

[Event "18 Torneo San Viator"]
[Site "Madrid ESP"]
[Date "2012.05.20"]
[Round "7.4"]
[White "Aguado Solana, Juan"]
[Black "Sanchez Lopez, Maria"]
[Result "1-0"]
[WhiteElo "2060"]
[BlackElo "1799"]
[PlyCount "99"]
[EventDate "2012.03.25"]
[EventType "swiss"]
[EventRounds "9"]
[EventCountry "ESP"]
[Source "lmi"]
[SourceDate "2012.03.25"]

1. e4 e6 2. d4 d5 3. e5 c5 4. c3 Nc6 5. Nf3 Bd7 6. a3 c4 7. Nbd2 Na5 8. b3 cxb3
9. Bd3 Qc7 10. Bb2 Ba4 11. Qe2 Ne7 12. Rc1 Rc8 13. Bb5+ Bxb5 14. Qxb5+ Nec6 15.
c4 dxc4 16. Nxc4 a6 17. Qb6 Qxb6 18. Nxb6 Rd8 19. Ke2 Ne7 20. Rc7 Nd5 21. Nxd5
exd5 22. Bc3 Nc4 23. Rxb7 Bxa3 24. Rxb3 O-O 25. Ra1 Be7 26. Rb7 Ba3 27. Rxa3
Nxa3 28. Bb4 Rb8 29. Rxb8 Rxb8 30. Bxa3 Rb3 31. Bc5 a5 32. Nd2 Rb2 33. f4 g6
34. g4 a4 35. Kd1 Rb8 36. Kc1 Kg7 37. f5 gxf5 38. gxf5 Kh6 39. h4 Kh5 40. Bd6
Rb6 41. Nf1 Rb3 42. Kc2 Kxh4 43. e6 fxe6 44. fxe6 Rb6 45. e7 Rc6+ 46. Kb2 Rc8
47. Ne3 Kg5 48. Nxd5 Kg6 49. Nc7 Kf7 50. e8=Q+ 1-0

[Event "18 Torneo San Viator"]
[Site "Madrid ESP"]
[Date "2012.05.20"]
[Round "7.5"]
[White "Rosa Ramirez, Victor D"]
[Black "Lobato Rivero, Carlos"]
[Result "1/2-1/2"]
[WhiteElo "1966"]
[BlackElo "1958"]
[PlyCount "103"]
[EventDate "2012.03.25"]
[EventType "swiss"]
[EventRounds "9"]
[EventCountry "ESP"]
[Source "lmi"]
[SourceDate "2012.03.25"]

1. e4 d6 2. d4 g6 3. f4 Bg7 4. Nf3 Nf6 5. Bd3 O-O 6. O-O c5 7. d5 c4 8. Bxc4
Qb6+ 9. Qd4 Qxd4+ 10. Nxd4 Nxe4 11. c3 Bxd4+ 12. cxd4 Nd7 13. Re1 f5 14. Nd2
Ndf6 15. Nxe4 fxe4 16. h3 h5 17. Bd2 Bf5 18. Bb3 Rac8 19. Rac1 Rxc1 20. Rxc1
Rc8 21. Rd1 Bd7 22. a4 Be8 23. Rf1 Bf7 24. f5 Bxd5 25. Bd1 Kg7 26. g4 hxg4 27.
hxg4 Rh8 28. Be3 Rh3 29. Kf2 gxf5 30. gxf5 Rh2+ 31. Kg3 Rxb2 32. Rh1 Bb3 33.
Bh5 Nxh5+ 34. Rxh5 Bxa4 35. d5 Rb5 36. Kf4 Rxd5 37. f6+ Kxf6 38. Rxd5 Bc6 39.
Rf5+ Ke6 40. Bxa7 b5 41. Bd4 b4 42. Ra5 b3 43. Ke3 Kd7 44. Kd2 e5 45. Bb2 Ke6
46. Ba3 Kd7 47. Ra7+ Ke6 48. Ke3 d5 49. Ra6 d4+ 50. Kd2 Kd5 51. Ra5+ Ke6 52.
Ra6 1/2-1/2

[Event "18 Torneo San Viator"]
[Site "Madrid ESP"]
[Date "2012.05.20"]
[Round "7.6"]
[White "Perez Calahorra, Ricardo"]
[Black "Garcia-Ruiz Fuentes, Angel M"]
[Result "1-0"]
[WhiteElo "2158"]
[BlackElo "1873"]
[PlyCount "53"]
[EventDate "2012.03.25"]
[EventType "swiss"]
[EventRounds "9"]
[EventCountry "ESP"]
[Source "lmi"]
[SourceDate "2012.03.25"]

1. e4 c5 2. c3 d5 3. exd5 Qxd5 4. d4 g6 5. Nf3 Bg7 6. Na3 cxd4 7. Bc4 Qe4+ 8.
Be3 Nh6 9. cxd4 O-O 10. Nb5 Na6 11. Qb3 e6 12. O-O Nf5 13. Bg5 b6 14. Rfe1 Qb7
15. Rac1 Bd7 16. g4 Bxb5 17. Bxb5 Nh6 18. Bc6 Qb8 19. h3 Qd6 20. Bxa8 Rxa8 21.
Qe3 Qf8 22. a3 Re8 23. Qd3 Nb8 24. Rc7 f6 25. Bxh6 Bxh6 26. Qc4 Qd6 27. Rc8 1-0

[Event "18 Torneo San Viator"]
[Site "Madrid ESP"]
[Date "2012.05.20"]
[Round "7.7"]
[White "Iturbide Arnedo, Oscar"]
[Black "Magan Gonzalez, Alberto"]
[Result "0-1"]
[WhiteElo "2131"]
[BlackElo "1828"]
[PlyCount "58"]
[EventDate "2012.03.25"]
[EventType "swiss"]
[EventRounds "9"]
[EventCountry "ESP"]
[Source "lmi"]
[SourceDate "2012.03.25"]

1. e4 c5 2. Nc3 d6 3. d3 Nc6 4. g3 g6 5. Bg2 Bg7 6. f4 e6 7. Nf3 Nge7 8. O-O a6
9. Be3 Qc7 10. d4 cxd4 11. Nxd4 Bd7 12. Ndb5 axb5 13. Nxb5 Qb8 14. Nxd6+ Kf8
15. e5 Be8 16. a4 Kg8 17. c4 Bf8 18. g4 h5 19. h3 hxg4 20. hxg4 Bh6 21. g5 Bg7
22. b4 Nf5 23. Nxf5 exf5 24. Re1 Nxe5 25. fxe5 Bxe5 26. Ra2 Bc3 27. Ree2 Qg3
28. b5 Be5 29. Qd5 Rh1+ 0-1

[Event "18 Torneo San Viator"]
[Site "Madrid ESP"]
[Date "2012.05.20"]
[Round "7.8"]
[White "Cabanas Bravo, Juan Andres"]
[Black "Padin Lazaro, Jose Manuel"]
[Result "1-0"]
[WhiteElo "2092"]
[BlackElo "1799"]
[PlyCount "83"]
[EventDate "2012.03.25"]
[EventType "swiss"]
[EventRounds "9"]
[EventCountry "ESP"]
[Source "lmi"]
[SourceDate "2012.03.25"]

1. e4 e6 2. d4 d5 3. Nc3 Bb4 4. Bd2 dxe4 5. Qg4 Nf6 6. Qxg7 Rg8 7. Qh6 Qxd4 8.
O-O-O Bf8 9. Qh4 Rg4 10. Qh3 Qxf2 11. Be2 Rh4 12. Qxh4 Qxh4 13. g3 Qh6 14. Bxh6
Bxh6+ 15. Kb1 a6 16. Nh3 b5 17. Rhf1 Ke7 18. g4 b4 19. g5 Bxg5 20. Nxg5 bxc3
21. Rf4 h6 22. Rdf1 hxg5 23. Rxf6 Nc6 24. Rxf7+ Kd6 25. bxc3 Ne5 26. Rd1+ Kc6
27. Rg7 Bb7 28. Rxg5 Nf3 29. Rh5 Rg8 30. Bf1 Kb6 31. Rh3 Rg1 32. Kc1 Rh1 33.
Bg2 Rxh2 34. Rxh2 Nxh2 35. Rg1 Nf3 36. Bxf3 exf3 37. Rg6 Kc5 38. Rf6 Bd5 39.
Kd2 c6 40. Rf4 Kd6 41. c4 Ke5 42. Ke3 1-0

[Event "18 Torneo San Viator"]
[Site "Madrid ESP"]
[Date "2012.05.20"]
[Round "7.9"]
[White "Julian Serra, Rogelio"]
[Black "Tolosana Esteban, Enrique"]
[Result "1-0"]
[WhiteElo "2042"]
[BlackElo "1743"]
[PlyCount "73"]
[EventDate "2012.03.25"]
[EventType "swiss"]
[EventRounds "9"]
[EventCountry "ESP"]
[Source "lmi"]
[SourceDate "2012.03.25"]

1. d4 f5 2. Nf3 Nf6 3. Bg5 e6 4. Nbd2 Be7 5. Bxf6 Bxf6 6. e4 O-O 7. Bd3 g6 8.
e5 Bg7 9. h4 c5 10. c3 d5 11. h5 Nc6 12. hxg6 hxg6 13. Nh4 cxd4 14. cxd4 Nb4
15. Bb1 Qe8 16. f4 Bd7 17. Ndf3 Rc8 18. Ng5 Rc4 19. a3 Nc6 20. Nhf3 Qd8 21. Bd3
Qa5+ 22. b4 Nxb4 23. axb4 Qxb4+ 24. Qd2 Rc3 25. O-O Rfc8 26. Rfb1 Qe7 27. Rxb7
Qd8 28. Raxa7 Rc1+ 29. Kh2 R1c7 30. Qb4 Bc6 31. Nxe6 Rxb7 32. Rxb7 Qe8 33.
Rxg7+ Kh8 34. Nfg5 Bb5 35. Qe1 Qxe6 36. Nxe6 g5 37. fxg5 1-0

[Event "18 Torneo San Viator"]
[Site "Madrid ESP"]
[Date "2012.05.20"]
[Round "7.10"]
[White "Noval Toldos, Francisco Javier"]
[Black "Ibanez Moreno, Sergio"]
[Result "1-0"]
[WhiteElo "1977"]
[BlackElo "1795"]
[PlyCount "79"]
[EventDate "2012.03.25"]
[EventType "swiss"]
[EventRounds "9"]
[EventCountry "ESP"]
[Source "lmi"]
[SourceDate "2012.03.25"]

1. e4 e6 2. b3 d5 3. Bb2 Nf6 4. e5 Ng8 5. Nf3 c5 6. Bd3 Nc6 7. O-O Nge7 8. Ng5
Ng6 9. Qh5 Nb4 10. Nxf7 Kxf7 11. Bxg6+ hxg6 12. Qxh8 Nxc2 13. Nc3 Nxa1 14. Rxa1
Bd7 15. Re1 Bc6 16. Qh3 Qg5 17. f4 Qh5 18. Qxh5 gxh5 19. h4 g6 20. Ne2 b5 21.
g3 a5 22. f5 gxf5 23. Nf4 Bh6 24. Nxh5 Bxd2 25. Rf1 Be3+ 26. Kh2 a4 27. Bc1 Bd4
28. Bf4 axb3 29. axb3 Ra2+ 30. Kh3 Re2 31. g4 Bxe5 32. Bxe5 Rxe5 33. g5 Re3+
34. Kh2 d4 35. Ra1 Re2+ 36. Kh3 d3 37. Ra7+ Kg8 38. Nf6+ Kf8 39. g6 Rg2 40.
Rf7# 1-0

[Event "18 Torneo San Viator"]
[Site "Madrid ESP"]
[Date "2012.05.20"]
[Round "7.11"]
[White "Alonso Herrero, Ignacio"]
[Black "Munoz Manzano, Jose Manuel"]
[Result "0-1"]
[WhiteElo "1809"]
[BlackElo "1911"]
[PlyCount "150"]
[EventDate "2012.03.25"]
[EventType "swiss"]
[EventRounds "9"]
[EventCountry "ESP"]
[Source "lmi"]
[SourceDate "2012.03.25"]

1. e4 c6 2. d4 d5 3. e5 Bf5 4. g4 Be4 5. f3 Bg6 6. Nh3 e6 7. Be3 Nd7 8. Nf4 Qb6
9. Qc1 Rc8 10. Nxg6 hxg6 11. c3 c5 12. Qd2 Be7 13. g5 cxd4 14. cxd4 Bb4 15. Nc3
Bxc3 16. bxc3 Qa5 17. Rc1 b5 18. Qb2 a6 19. Bd2 Qa4 20. Bd3 Nb6 21. Bc2 Qc4 22.
Qa3 Qc6 23. Qb4 Ne7 24. a4 Qc4 25. Rb1 Qxb4 26. Rxb4 Nc6 27. Rb1 Nxd4 28. cxd4
Rxc2 29. axb5 axb5 30. Rxb5 Nd7 31. Rb7 Rh4 32. Rb4 Rc4 33. Rxc4 dxc4 34. Bc3
Nb6 35. Bb4 Kd7 36. Bc5 Na4 37. Ba7 Kc6 38. O-O c3 39. Kg2 Kd5 40. Kg3 Rh8 41.
Ra1 Nb2 42. Ra5+ Kc4 43. Rc5+ Kb3 44. d5 exd5 45. Rxd5 Rc8 46. Rd7 Nc4 47. Rb7+
Ka2 48. Bd4 c2 49. Ra7+ Kb3 50. Rb7+ Ka4 51. Ra7+ Kb5 52. Ra1 Rd8 53. e6 fxe6
54. Rc1 Rxd4 55. Rxc2 Kc5 56. Ra2 Nd6 57. Ra5+ Kb6 58. Re5 Nf5+ 59. Kh3 Rd6 60.
Kg4 Kc7 61. Ra5 Rd4+ 62. Kh3 Kd6 63. Ra6+ Ke5 64. Ra5+ Kf4 65. Rb5 Kxf3 66.
Rb3+ Kf4 67. Rf3+ Kxg5 68. Rf2 Rd3+ 69. Kg2 Ne3+ 70. Kg3 Ng4+ 71. Rf3 Rxf3+ 72.
Kxf3 Nxh2+ 73. Kg2 Kf4 74. Kxh2 Kf3 75. Kg1 e5 0-1

[Event "18 Torneo San Viator"]
[Site "Madrid ESP"]
[Date "2012.05.20"]
[Round "7.12"]
[White "Garcia Sanjuan, Jose"]
[Black "Gomez Dorado, Ernesto"]
[Result "0-1"]
[WhiteElo "1894"]
[BlackElo "1648"]
[PlyCount "62"]
[EventDate "2012.03.25"]
[EventType "swiss"]
[EventRounds "9"]
[EventCountry "ESP"]
[Source "lmi"]
[SourceDate "2012.03.25"]

1. b3 e5 2. Bb2 Nc6 3. g3 Nf6 4. Bg2 d5 5. Nf3 e4 6. Nd4 Nxd4 7. Bxd4 Be7 8. h3
Be6 9. d3 Qd7 10. Nd2 exd3 11. exd3 O-O 12. Qf3 c5 13. Be5 b5 14. Rd1 Rad8 15.
g4 Ne8 16. O-O f5 17. Qg3 Bd6 18. Bxd6 Nxd6 19. Nf3 fxg4 20. Ne5 Qc8 21. hxg4
Nf7 22. Nxf7 Rxf7 23. g5 Rdf8 24. Rde1 Rf4 25. Qe3 Bg4 26. Bxd5+ Kh8 27. Bg2
Bf3 28. Bxf3 Rxf3 29. Qe6 Qd8 30. Re5 Qd4 31. Re2 Rg3+ 0-1

[Event "18 Torneo San Viator"]
[Site "Madrid ESP"]
[Date "2012.05.20"]
[Round "7.13"]
[White "Fernandez Garcia, Javier"]
[Black "Cabeza Hernandez, Guillermo"]
[Result "1-0"]
[WhiteElo "2006"]
[BlackElo "1527"]
[PlyCount "57"]
[EventDate "2012.03.25"]
[EventType "swiss"]
[EventRounds "9"]
[EventCountry "ESP"]
[Source "lmi"]
[SourceDate "2012.03.25"]

1. d4 d6 2. e4 e5 3. Nf3 exd4 4. Nxd4 Nf6 5. Nc3 Be7 6. Bc4 O-O 7. f3 Nbd7 8.
Nf5 Ne5 9. Nxe7+ Qxe7 10. Nd5 Nxd5 11. Bxd5 c6 12. Bb3 Be6 13. O-O Bxb3 14.
axb3 Rfd8 15. c4 a6 16. f4 Nd7 17. Qf3 b5 18. Bd2 Qf6 19. Bc3 Qe7 20. Rae1 Nc5
21. e5 d5 22. f5 Ne4 23. f6 Qc5+ 24. Kh1 b4 25. fxg7 Ra7 26. e6 Ng5 27. Qf6
Nxe6 28. Rxe6 fxe6 29. Qxd8+ 1-0

[Event "18 Torneo San Viator"]
[Site "Madrid ESP"]
[Date "2012.05.20"]
[Round "7.14"]
[White "Barahona Torrijos, Angel"]
[Black "Garcia Otero, Pedro"]
[Result "1-0"]
[WhiteElo "1904"]
[BlackElo "1701"]
[PlyCount "55"]
[EventDate "2012.03.25"]
[EventType "swiss"]
[EventRounds "9"]
[EventCountry "ESP"]
[Source "lmi"]
[SourceDate "2012.03.25"]

1. e4 d5 2. Nf3 dxe4 3. Ng5 e5 4. Nxe4 Nf6 5. Nbc3 Bf5 6. Qf3 Nxe4 7. Qxf5 Nxc3
8. Qxe5+ Qe7 9. Qxe7+ Bxe7 10. dxc3 O-O 11. Be3 Rd8 12. Bd3 Nc6 13. O-O-O Bf6
14. Rhe1 Be5 15. Bg5 f6 16. Be3 g6 17. f4 Bd6 18. c4 Bf8 19. c5 f5 20. Bc4+ Kg7
21. c3 Kh6 22. Bd4 Bg7 23. Bxg7+ Kxg7 24. Bd5 Kf8 25. Re6 Re8 26. Rf6+ Kg7 27.
Rf7+ Kh6 28. Rd3 1-0